MARC

Tag First Indicator Second Indicator Subfields
LEADER 00000cam a2200000 a 4500
001 in00000010753
005 20151007051435.0
008 870115s1987 onc b 00010 eng c
010 |a cn 87093358  
015 |a C87-93358-2 
020 |a 077440308X :  |c $17.50 
035 |a (OCoLC)16182393 
035 |9 AAA2980AM 
040 |a CaOTU  |b eng  |c NLC  |d TXA  |d UtOrBLW 
049 |a TXAM  |c [A08553892] 
050 4 |a PE1404  |b .K74 1987 
082 0 |a 808/.042/0285  |2 19 
100 1 |a Kress, Flemming,  |d 1945- 
245 1 0 |a Writing with a "pro" :  |b a guide to teaching writing skills with a word processor /  |c Flemming Kress. 
263 |a 8704 
264 1 |a Toronto :  |b Oise Press,  |c [1987] 
264 4 |c ©1987 
300 |a vii, 126 pages ;  |c 25 cm. 
336 |a text  |b txt  |2 rdacontent 
337 |a unmediated  |b n  |2 rdamedia 
338 |a volume  |b nc  |2 rdacarrier 
490 1 |a Curriculum series ;  |v 54 
504 |a Includes bibliographies. 
650 0 |a English language  |x Composition and exercises  |x Study and teaching (Secondary)  |x Data processing. 
650 0 |a English language  |x Rhetoric  |x Study and teaching (Secondary)  |x Data processing. 
650 0 |a English language  |x Composition and exercises  |x Computer-assisted instruction. 
650 0 |a Word processing in education. 
710 2 |a Ontario Institute for Studies in Education. 
830 0 |a Curriculum series (Ontario Institute for Studies in Education) ;  |v 54. 
999 |a MARS 
999 f f |s affc0024-3585-33a9-a509-ca572974b39e  |i e9f8f145-b933-336a-a909-256e84c6b66a  |t 0 
952 f f |p ric  |a Texas A&M University  |b Rellis Campus  |c Joint Library Facility  |s JLF  |d Remote Storage  |t 0  |e PE1404 .K74 1987  |h Library of Congress classification  |i unmediated -- volume  |m A14808553892 
998 f f |a PE1404 .K74 1987  |t 0  |l Remote Storage